| 000 | 00988nam a22002777a 4500 | ||
|---|---|---|---|
| 001 | 7596 | ||
| 003 | FISKH | ||
| 005 | 20250725105919.0 | ||
| 008 | 250725b cb ||||| |||| 00| 0 eng d | ||
| 020 | _a9781418954949 | ||
| 040 |
_aFISKH _beng _cFISKH _dFISKH |
||
| 050 | _aA1 | ||
| 082 | _a612 | ||
| 100 | _aTrussell-Cullen, Alan | ||
| 245 |
_aSkeletons / _cBy Alan Trussell-Cullen |
||
| 250 | _aU.S.Edition @ 2009 | ||
| 260 |
_aPreston : _bRigby Education , _c2007. |
||
| 300 |
_a20 unnumbered pages : _bcolor illustrations ; _c25 cm . |
||
| 505 | _aF | ||
| 520 | _aFast Lane is a brand new reading intervention series developed for 8 to 14-year old struggling readers. It provides them with a variety of engaging, wonderfully illustrated stories and non-fiction texts which will appeal to even the most reluctant child reader. | ||
| 521 |
_a350
_bLexile |
||
| 521 |
_aF
_bRaz-Plus |
||
| 650 |
_aScience _vNon-fiction |
||
| 942 |
_2ddc _cBK _n0 |
||
| 999 |
_c7596 _d7596 |
||